000 00577nam a2200229Ia 4500
003 OSt
005 20221005122622.0
006 a|||||r|||| 00| 0
007 ta
008 221004b |||||||| |||| 00| 0 tam d
024 _a52412
037 _cTextual
040 _aCRL
_cCRL
_btam
041 _2tam
_atam
082 _aV211:72, 31J5;J8
100 _aSundharesavandaiyar Au.
_9632285
245 0 _aKalvettu
260 _c1958
650 _aHISTORY
942 _hV211:72, 31J5;J8
_cTEXL
_2cc
999 _c1044840
_d1044840